Disney girls Quiz - Statistics

General Stats
  • This quiz has been taken 19 times
  • The average score is 6 of 26
Answer Stats
Answer % Correct
Selena Gomez
82%
Miley Cyrus
71%
Debby Ryan
47%
Demi Lovato
47%
Vanessa Hudgens
47%
Zendaya
47%
Ashley Tisdale
41%
Raven Symone
41%
Bella Thorne
29%
Peyton List
29%
Brenda Song
24%
Dove Cameron
24%
Skai Jackson
18%
Bridgit Mendler
12%
Tiffany Thornton
12%
Jennifer Stone
6%
Leigh Allyn Baker
6%
Allison Ashley Arm
0%
Annalise
0%
Danielle Campbell
0%
Emily Osment
0%
Laura Marano
0%
Miranda May
0%
Monique Coleman
0%
Nina Lu
0%
Raini Rodriguez
0%
No matching quizzes found
Score Distribution
Percent of People with Each Score
Percentile by Number Answered
Your Score History
You have not taken this quiz